Psychosomatic medicine : the clinical application of psychopathology to general medical problems /

Guardado en:
Detalles Bibliográficos
Autor principal: Weiss, Edward (autor)
Otros autores: English, O. Spurgeon (autor) (autor)
Formato: Libro
Idioma:Inglés
Publicado: Filadelfia, EUA : Saunders College, 1949
Edición:2a edición
Temas:
Etiquetas: Agrega una etiqueta
Sin etiquetas, Sé el primero en etiquetar este registro!

MARC

LEADER 00000nam^a2200000^a^4500
001 000042716
005 20250521000000.0
009 20260310085746.951
037 |a Acervo ITESO - Biblioteca 
041 |a ING 
082 |a 616. 08  |b WEI 
100 |a Weiss, Edward  |e (autor) 
245 1 0 |a Psychosomatic medicine : the clinical application of psychopathology to general medical problems /  |c E. Weiss, O. Spurgeon English. 
250 |a 2a edición 
264 1 |a Filadelfia, EUA :  |b Saunders College,  |c 1949 
300 |a 803 p. 
336 |a texto  |b txt  |2 rdacontenido 
337 |a sin mediación  |b n  |2 rdamedio 
338 |a volumen  |b nc  |2 rdasoporte 
649 |a XX 
650 |a Medicina Psicosomática 
650 |a Psicología Clínica 
650 |a Psicopatología 
650 |a Trastornos Psicosomáticos 
650 |a Psicología de la Salud 
650 |a Psiquiatría 
700 |a English, O. Spurgeon  |e (autor) 
910 |a Fondo General 
920 |a Impresos - Libros 
930 |a Colección General 
905 |a 101 
901 |a 0427160100  |b IT1  |c ACC  |i 042716  |u 20250521 
902 |a https://opac.biblio.iteso.mx/vufind/Record/000042716